Gastroenterológia pre prax

Podrobná bibliografia
Ďalší autori: Pospíšilová, Katarína (Šéfredaktor, zodpovedný redaktor), Mrázová, Marta (Šéfredaktor, zodpovedný redaktor), Turianová, Marta (Šéfredaktor, zodpovedný redaktor)
Médium: Časopis
Jazyk:slovenčina
čeština
Fyzický popis:zv. 30 cm
Vydavateľské údaje: Bratislava Solen [2002]-
Bratislava Samedi
Bratislava A-medi management, s.r.o.
ISSN:1336-1473
Predmet:
On-line prístup:http://www.amedi.sk

MARC

LEADER 00000cas a2200000 a 4500
001 vtls001474474
003 SK-MaSNL
005 20260505100948.0
008 110621c20029999xo qr p 0 0b0slo
022 |a 1336-1473 
035 |a SNK000429775 
035 |a (SVKBB03)vtls000165307 
040 |a SNK  |b slo  |c SNK  |d SVKBB  |d SAVUK  |e AACR2 
041 0 |a slo  |a cze  |b eng  |b slo 
044 |a xo  |c SK 
072 7 |a 616  |x Patológia. Klinická medicína  |2 konspekt 
080 |a 616.32/.37  |2 2011 
080 |a 050  |2 2011 
080 |a (051)-027.561  |2 2011 
210 0 |a Gastroenterol. prax 
222 0 |a Gastroenterológia pre prax 
245 0 0 |a Gastroenterológia pre prax 
246 1 1 |a Gastroenterology for practice 
260 |a Bratislava  |b Solen  |c [2002]- 
260 2 |3 2005-2014  |a Bratislava  |b Samedi 
260 3 |3 2015-  |a Bratislava  |b A-medi management, s.r.o. 
300 |a zv.  |c 30 cm 
310 |a 4x ročne 
362 0 |a [Roč. 1, č. 1 (2002)]- 
500 |a Podnázov od č. 2/2005: recenzovaný, postgraduálne zameraný odborný lekársky časopis 
500 |a Šéfredaktorka: ?-1/2003, Katarína Pospíšilová ; 2/2003, Marta Mrázová ; 3/2003-2/2005, Marta Turianová 
500 |a Reg. číslo: MK SR 2793/2002 ; EV 1346/08 ; EV 3194/09 
500 |a Od č. 3/2005 sa šéfredaktor neuvádza 
504 |a Bibliogr. 
525 |a V r. 2016 vyšlo aj supplementum pod názvom: VI. Kongres slovenských a českých pediatrických gastroenterológov 
546 |a Text aj v češ. ; res. angl., slov. 
650 0 7 |a gastroenterológia  |2 SNKPH  |9 1164 
650 0 7 |a Gastroenterology  |2 SNKPHeng  |9 267565 
655 7 |a odborné časopisy  |2 SNKPH  |9 70505 
655 7 |a Professional journals  |2 SNKPHeng  |9 265007 
700 1 |a Pospíšilová, Katarína  |4 pbd  |9 267566 
700 1 |a Mrázová, Marta  |4 pbd  |9 267567 
700 1 |a Turianová, Marta  |4 pbd  |9 267564 
852 |a Štátna vedecká knižnica v Banskej Bystrici 
856 4 1 |u http://www.amedi.sk 
910 |a snk 
910 |a savuk 
910 |a svkbb 
916 |a 2003-2013, 2014-2016, 2017-2018, 2019, 2020, 2021 
999 |c 3877  |d 5807 
952 |t č. 1-4, úplný  |a SNK  |b SNK  |y PREZ  |7 0  |p 17A0870278  |o snkČSB 5736/8/2009 D1  |i snk2014/21499  |8 0  |z č. 1-4  |0 0  |1 0  |4 0  |d 2014-10-13  |l 0  |r 2026-02-21 19:31:08  |w 2026-02-21 
952 |t č. 1-4  |a SNK  |b SNK  |y PREZ  |7 0  |p 17A0870277  |o snkČSB 5736/8/2009  |i snk2014/21498  |8 0  |f 1  |0 0  |1 0  |4 0  |d 2014-10-13  |l 0  |r 2026-02-21 19:34:11  |w 2026-02-21 
952 |t č. 1-4  |a SNK  |b SNK  |y PREZ  |7 0  |p 17A0870279  |o snkČSB 5736/9/2010   |i snk2014/21514  |8 0  |f 1  |0 0  |1 0  |4 0  |d 2014-10-13  |l 0  |r 2026-02-21 19:34:11  |w 2026-02-21 
952 |t č. 1-4  |a SNK  |b SNK  |y PREZ  |7 0  |p 17A0870280  |o snkČSB 5736/9/2010 D1  |i snk2014/21515  |8 0  |0 0  |1 0  |4 0  |d 2014-10-13  |l 0  |r 2026-02-21 19:34:11  |w 2026-02-21 
952 |t č. 1-4  |a SNK  |b SNK  |y PREZ  |7 0  |p 17A0870281  |o snkČSB 5736/10/2011   |i snk2014/21516  |8 0  |f 1  |0 0  |1 0  |4 0  |d 2014-10-13  |l 0  |r 2026-02-21 19:34:12  |w 2026-02-21 
952 |t č. 1-4  |a SNK  |b SNK  |y PREZ  |7 0  |p 17A0870282  |o snkČSB 5736/10/2011 D1  |i snk2014/21517  |8 0  |0 0  |1 0  |4 0  |d 2014-10-13  |l 0  |r 2026-02-21 19:34:12  |w 2026-02-21 
952 |t č. 1-4  |a SNK  |b SNK  |y PREZ  |7 0  |p 17A0870283  |o snkČSB 5736/11/2012   |i snk2014/21518  |8 0  |f 1  |0 0  |1 0  |4 0  |d 2014-10-13  |l 0  |r 2026-02-21 19:34:17  |w 2026-02-21 
952 |t č. 1-4  |a SNK  |b SNK  |y PREZ  |7 0  |p 17A0870284  |o snkČSB 5736/11/2012 D1  |i snk2014/21519  |8 0  |0 0  |1 0  |4 0  |d 2014-10-13  |l 0  |r 2026-02-21 19:34:17  |w 2026-02-21 
952 |t č. 1-4, neúplné  |a SNK  |b SNK  |y PREZ  |7 0  |p 17A0870285  |o snkČSB 5736/12/2013   |i snk2014/21520  |8 0  |z chýba č. 3  |f 1  |0 0  |1 0  |4 0  |d 2014-10-13  |l 0  |r 2026-02-21 19:34:17  |w 2026-02-21 
952 |t č. 1-4  |a SNK  |b SNK  |y PREZ  |7 0  |p 17A1521103  |o snkČSB 5736/21/2022  |i snk2023/11531  |8 0  |z Č. 2 má na titulnej strane chybne uvedený ročník (22)  |f 1  |0 0  |1 0  |4 0  |d 2023-08-02  |l 0  |r 2026-02-21 19:47:54  |w 2026-02-21 
952 |t č. 1-4  |a SNK  |b SNK  |y PREZ  |7 0  |p 17A1434293  |o snkČSB 5736/19/2020  |i snk2021/6088  |8 0  |f 1  |0 0  |1 0  |4 0  |d 2021-06-01  |l 0  |r 2026-02-21 19:52:34  |w 2026-02-21 
952 |t č. 1-4 + Supl.1  |a SNK  |b SNK  |y PREZ  |7 0  |p 17A1525660  |o snkČSB 5736/22/2023  |i snk2025/4385  |8 0  |z S1 Nestle Health Science - Enterálna výživa v kazuistikách  |f 1  |0 0  |1 0  |4 0  |d 2025-03-11  |l 0  |r 2026-02-21 19:58:15  |w 2026-02-21 
952 |t č. 1-4  |a SNK  |b SNK  |y PREZ  |7 0  |p 17A1462828  |o snkČSB 5736/17/2018 D1  |i snk2022/8777  |8 0  |z č. 1-4  |0 0  |1 0  |4 0  |d 2022-05-31  |l 0  |r 2026-02-21 20:00:39  |w 2026-02-21 
952 |t č. 1-4  |a SNK  |b SNK  |y PREZ  |7 0  |p 17A1462829  |o snkČSB 5736/18/2019 D1  |i snk2022/8778  |8 0  |z č. 1-4  |0 0  |1 0  |4 0  |d 2022-05-31  |l 0  |r 2026-02-21 20:00:39  |w 2026-02-21 
952 |t č. 1-4  |a SNK  |b SNK  |y PREZ  |7 0  |p 17A1465359  |o snkČSB 5736/19/2020 D1  |i snk2023/1707  |8 0  |0 0  |1 0  |4 0  |d 2023-01-27  |l 0  |r 2026-02-21 20:02:42  |w 2026-02-21 
952 |t č. 1-4  |a SNK  |b SNK  |y PREZ  |7 0  |p 17A1463456  |o snkČSB 5736/20/2021  |i snk2022/10343  |8 0  |f 1  |0 0  |1 0  |4 0  |d 2022-06-22  |l 0  |r 2026-02-21 20:02:47  |w 2026-02-21 
952 |t č. 1-4 + suppl.  |a SNK  |b SNK  |y PREZ  |7 0  |p 17A1387059  |o snkČSB 5736/16/2017 D1  |i snk2020/4986  |8 0  |0 0  |1 0  |4 0  |d 2020-02-27  |l 0  |r 2026-02-21 20:08:41  |w 2026-02-21 
952 |t č. 1-4, neúplné  |a SNK  |b SNK  |y NEVYP  |7 1  |p 17A1558855  |o snkČSB 5736/21/2022 D1  |i snk2026/2280  |8 0  |z Chýba č. 3, 4  |0 0  |1 0  |4 0  |d 2026-02-12  |l 0  |r 2026-02-21 20:11:37  |w 2026-02-21 
952 |t č. 1-4 + suppl.  |a SNK  |b SNK  |y PREZ  |7 0  |p 17A1387058  |o snkČSB 5736/18/2019  |i snk2020/4983  |8 0  |f 1  |0 0  |1 0  |4 0  |d 2020-02-27  |l 0  |r 2026-02-21 20:14:43  |w 2026-02-21 
952 |t č. 1-4  |a SNK  |b SNK  |y PREZ  |7 0  |p 17A0705296  |o snkČSB 5736/2/2003  |i snk2011/17873  |8 0  |f 1  |0 0  |1 0  |4 0  |d 2011-08-25  |l 0  |r 2026-02-21 20:16:49  |w 2026-02-21 
952 |t č. 1-4  |a SNK  |b SNK  |y PREZ  |7 0  |p 17A0705297  |o snkČSB 5736/2/2003 D1  |i snk2011/17875  |8 0  |0 0  |1 0  |4 0  |d 2011-08-25  |l 0  |r 2026-02-21 20:16:49  |w 2026-02-21 
952 |t č. 1-4  |a SNK  |b SNK  |y PREZ  |7 0  |p 17A0705298  |o snkČSB 5736/3/2004  |i snk2011/17876  |8 0  |f 1  |0 0  |1 0  |4 0  |d 2011-08-25  |l 0  |r 2026-02-21 20:16:49  |w 2026-02-21 
952 |t č. 1-4  |a SNK  |b SNK  |y PREZ  |7 0  |p 17A0705299  |o snkČSB 5736/3/2004 D1  |i snk2011/17877  |8 0  |0 0  |1 0  |4 0  |d 2011-08-25  |l 0  |r 2026-02-21 20:16:49  |w 2026-02-21 
952 |t č. 1-4  |a SNK  |b SNK  |y PREZ  |7 0  |p 17A0705300  |o snkČSB 5736/4/2005  |i snk2011/17878  |8 0  |f 1  |0 0  |1 0  |4 0  |d 2011-08-25  |l 0  |r 2026-02-21 20:16:50  |w 2026-02-21 
952 |t č. 1-4, neúplné  |a SNK  |b SNK  |y PREZ  |7 0  |p 17A0705301  |o snkČSB 5736/4/2005 D1  |i snk2011/17879  |8 0  |z Chýba č. 3,4  |0 0  |1 0  |4 0  |d 2011-08-25  |l 0  |r 2026-02-21 20:16:50  |w 2026-02-21 
952 |t č. 1-4  |a SNK  |b SNK  |y PREZ  |7 0  |p 17A0705302  |o snkČSB 5736/5/2006  |i snk2011/17880  |8 0  |f 1  |0 0  |1 0  |4 0  |d 2011-08-25  |l 0  |r 2026-02-21 20:16:50  |w 2026-02-21 
952 |t č. 1-4  |a SNK  |b SNK  |y PREZ  |7 0  |p 17A0705303  |o snkČSB 5736/6/2007  |i snk2011/17881  |8 0  |f 1  |0 0  |1 0  |4 0  |d 2011-08-25  |l 0  |r 2026-02-21 20:16:50  |w 2026-02-21 
952 |t č. 1-4  |a SNK  |b SNK  |y PREZ  |7 0  |p 17A0705304  |o snkČSB 5736/6/2007 D1  |i snk2011/17882  |8 0  |0 0  |1 0  |4 0  |d 2011-08-25  |l 0  |r 2026-02-21 20:16:50  |w 2026-02-21 
952 |t č. 1-4  |a SNK  |b SNK  |y PREZ  |7 0  |p 17A0705305  |o snkČSB 5736/7/2008  |i snk2011/17883  |8 0  |f 1  |0 0  |1 0  |4 0  |d 2011-08-25  |l 0  |r 2026-02-21 20:16:50  |w 2026-02-21 
952 |t č. 1-4  |a SNK  |b SNK  |y PREZ  |7 0  |p 17A0705306  |o snkČSB 5736/7/2008 D1  |i snk2011/17885  |8 0  |0 0  |1 0  |4 0  |d 2011-08-25  |l 0  |r 2026-02-21 20:16:50  |w 2026-02-21 
952 |t č. 1-4  |a SNK  |b SNK  |y PREZ  |7 0  |p 17A0870709  |o snkČSB 5736/12/2013 D1  |i snk2014/26143  |8 0  |0 0  |1 0  |4 0  |d 2014-11-26  |l 0  |r 2026-02-21 20:33:01  |w 2026-02-21 
952 |t č. 1-4 + suppl.  |a SNK  |b SNK  |y PREZ  |7 0  |p 17A1383993  |o snkČSB 5736/16/2017  |i snk2019/25810  |8 0  |z S1-Suplement 16/2017  |f 1  |0 0  |1 0  |4 0  |d 2019-10-11  |l 0  |r 2026-02-21 22:00:11  |w 2026-02-21 
952 |t č. 1-4  |a SNK  |b SNK  |y PREZ  |7 0  |p 17A1383994  |o snkČSB 5736/17/2018  |i snk2019/25825  |8 0  |f 1  |0 0  |1 0  |4 0  |d 2019-10-11  |l 0  |r 2026-02-21 22:00:11  |w 2026-02-21 
952 |t č. 1-4  |a SNK  |b SNK  |y PREZ  |7 0  |p 17A1098642  |o snkČSB 5736/13/2014  |i snk2016/19595  |8 0  |f 1  |0 0  |1 0  |4 0  |d 2016-08-18  |l 0  |r 2026-02-21 22:02:56  |w 2026-02-21 
952 |t č. 1-4  |a SNK  |b SNK  |y PREZ  |7 0  |p 17A1098984  |o snkČSB 5736/13/2014 D1  |i snk2016/19596  |8 0  |0 0  |1 0  |4 0  |d 2016-08-18  |l 0  |r 2026-02-21 22:02:56  |w 2026-02-21 
952 |t č. 1-4  |a SNK  |b SNK  |y PREZ  |7 0  |p 17A1202174  |o snkČSB 5736/14/2015  |i snk2016/19597  |8 0  |f 1  |0 0  |1 0  |4 0  |d 2016-08-18  |l 0  |r 2026-02-21 22:02:56  |w 2026-02-21 
952 |t č. 1-4  |a SNK  |b SNK  |y PREZ  |7 0  |p 17A1265231  |o snkČSB 5736/14/2015 D1  |i snk2017/23447  |8 0  |0 0  |1 0  |4 0  |d 2017-10-25  |l 0  |r 2026-02-21 22:04:51  |w 2026-02-21 
952 |t č. 1-4 + suppl.  |a SNK  |b SNK  |y PREZ  |7 0  |p 17A1265230  |o snkČSB 5736/15/2016  |i snk2017/23448  |8 0  |z Supplement má názov: VI. Kongres slovenských a českých pediatrických gastroenterológov  |f 1  |0 0  |1 0  |4 0  |d 2017-10-25  |l 0  |r 2026-02-21 22:04:51  |w 2026-02-21 
952 |t č. 1-4 + suppl.  |a SNK  |b SNK  |y PREZ  |7 0  |p 17A1327705  |o snkČSB 5736/15/2016 D1  |i snk2018/16615  |8 0  |z Suppl. č. 1: VI. Kongres slovenských a českých pediatrických gastroenterológov   |0 0  |1 0  |4 0  |d 2018-08-13  |l 0  |r 2026-02-21 22:20:12  |w 2026-02-21